| 000 | 00378nam a22001577a 4500 | ||
|---|---|---|---|
| 999 |
_c531679 _d531679 |
||
| 003 | NUST | ||
| 005 | 20191023122902.0 | ||
| 008 | 191023b ||||| |||| 00| 0 eng d | ||
| 038 | _aMSOHAIL | ||
| 082 | _a0 | ||
| 100 |
_aM.Sadiq Swati _924630 |
||
| 245 | _aTraffic factors for Pakistan | ||
| 260 |
_aIslamabad _bNTRC _c1982 |
||
| 300 |
_a134,p; _c25cm _eH.B. |
||
| 942 |
_2ddc _cBK |
||